Statistics for Guess The Lyrics #27

Click here to take the quiz!

General Stats

  • This quiz has been taken 394 times
  • The average score is 62 of 142

Answer Stats

% Correct
a
99%
the
97%
You
92%
you
92%
And
86%
and
86%
me
84%
to
84%
To
84%
On
83%
be
82%
In
82%
in
82%
we
81%
is
78%
your
77%
Your
77%
no
76%
So
74%
so
74%
Are
69%
My
69%
my
69%
for
64%
of
63%
not
62%
they
61%
have
58%
We're
58%
one
56%
it's
55%
will
54%
day
53%
As
50%
Some
48%
But
45%
has
43%
just
42%
man
41%
our
41%
every
39%
Every
39%
did
38%
live
38%
Now
35%
now
35%
I've
34%
world
34%
make
31%
you'll
29%
Let
28%
always
27%
gone
27%
these
24%
These
24%
There's
21%
though
21%
home
20%
many
20%
bad
18%
hell
17%
die
13%
hurt
13%
longer
12%
Through
10%
arms
9%
high
9%
ones
8%
brothers
6%
different
6%
fear
6%
worlds
6%
desert
5%
fire
5%
moon
5%
war
5%
destruction
4%
fields
4%
mountains
4%
return
4%
suns
4%
sun's
4%
valleys
4%
battle
3%
burn
3%
farms
3%
line
3%
lowlands
3%
mist-covered
3%
raged
3%
suffering
3%
witnessed
3%
written
3%
alarm
2%
Baptisms
2%
bid
2%
farewell
2%
fools
2%
palm
2%
riding
1%
starlight
1%

Score Distribution

Percentile by Number Answered

Percent of People with Each Score

Your Score History

You have not taken this quiz